| 000 | 00408nam a2200157Ia 4500 | ||
|---|---|---|---|
| 008 | 230917s9999||||xx |||||||||||||| ||und|| | ||
| 040 |
_e148760 _aMAIN |
||
| 041 | _aEnglish | ||
| 082 | _a300.72 B469M | ||
| 100 | _aBhandarkar, P L | ||
| 245 | 0 | _aMethodology and techniques of social research | |
| 250 | _a6th ed. | ||
| 260 |
_aMumbai _bHimalaya Publishing House _c2000 |
||
| 300 | _a444 p. | ||
| 942 | _cBK | ||
| 999 |
_c114824 _d114824 |
||